000
00335nam a22001457a 4500
008
230322b ||||| |||| 00| 0 eng d
020
_a
9781319003234
041
_a
eng
080
_2
SEVENTH EDITION
_a
37
082
_a
37ANK
100
_a
22
101
_a
EDUKIM
245
_a
REAL WRITING WITH READINGS
_c
ANKER S
942
_2
udc
_c
BK
999
_c
59422
_d
59422